<?xml version="1.0" encoding="UTF-8"?>
<record
    xmlns:xsi="http://www.w3.org/2001/XMLSchema-instance"
    xsi:schemaLocation="http://www.loc.gov/MARC21/slim http://www.loc.gov/standards/marcxml/schema/MARC21slim.xsd"
    xmlns="http://www.loc.gov/MARC21/slim">

  <leader>01256nam a22002537a 4500</leader>
  <controlfield tag="005">20170124103211.0</controlfield>
  <datafield tag="010" ind1=" " ind2=" ">
    <subfield code="a">A-133366</subfield>
  </datafield>
  <datafield tag="020" ind1=" " ind2=" ">
    <subfield code="c">25.00</subfield>
  </datafield>
  <datafield tag="035" ind1=" " ind2=" ">
    <subfield code="a">A-133366</subfield>
  </datafield>
  <datafield tag="037" ind1=" " ind2=" ">
    <subfield code="b">Cen Lib/Ret</subfield>
  </datafield>
  <datafield tag="040" ind1=" " ind2=" ">
    <subfield code="a">DPL</subfield>
    <subfield code="b">HN</subfield>
  </datafield>
  <datafield tag="082" ind1=" " ind2=" ">
    <subfield code="a">347.3</subfield>
    <subfield code="b">&#x924;&#x94D;&#x930;&#x93F;&#x92A;&#x93E;&#x920;&#x940; </subfield>
  </datafield>
  <datafield tag="100" ind1=" " ind2=" ">
    <subfield code="a">&#x924;&#x94D;&#x930;&#x93F;&#x92A;&#x93E;&#x920;&#x940;, &#x91C;&#x940;. &#x92A;&#x940;. </subfield>
    <subfield code="9">44003</subfield>
  </datafield>
  <datafield tag="245" ind1=" " ind2=" ">
    <subfield code="a">&#x938;&#x92E;&#x94D;&#x92A;&#x924;&#x94D;&#x924;&#x93F; &#x905;&#x928;&#x94D;&#x924;&#x930;&#x923; &#x905;&#x927;&#x93F;&#x928;&#x93F;&#x92F;&#x92E; :</subfield>
    <subfield code="b">&#x938;&#x92E;&#x94D;&#x92A;&#x924;&#x94D;&#x924;&#x93F; &#x905;&#x928;&#x94D;&#x924;&#x930;&#x923; &#x905;&#x927;&#x93F;&#x928;&#x93F;&#x92F;&#x92E; &#x938;&#x902;&#x916;&#x94D;&#x92F;&#x93E; IV &#x938;&#x928; 1882 &#x908;&#x966; /</subfield>
    <subfield code="c">&#x91C;&#x940;&#x966; &#x92A;&#x940;&#x966; &#x924;&#x94D;&#x930;&#x93F;&#x92A;&#x93E;&#x920;&#x940;</subfield>
  </datafield>
  <datafield tag="246" ind1=" " ind2=" ">
    <subfield code="a">Sampatti antaran adhiniyam : sampatti antaran adhiniyam sankhya iv san 1882 E. C. /</subfield>
    <subfield code="b">by G. P. Tripathi</subfield>
  </datafield>
  <datafield tag="260" ind1=" " ind2=" ">
    <subfield code="a">&#x907;&#x932;&#x93E;&#x939;&#x93E;&#x92C;&#x93E;&#x926;</subfield>
    <subfield code="b">&#x938;&#x947;&#x923;&#x94D;&#x91F;&#x94D;&#x930;&#x932; &#x932;&#x949; &#x90F;&#x91C;&#x947;&#x902;&#x938;&#x940;</subfield>
    <subfield code="c">1981</subfield>
  </datafield>
  <datafield tag="270" ind1=" " ind2=" ">
    <subfield code="a">11, &#x92F;&#x941;&#x928;&#x93F;&#x935;&#x930;&#x94D;&#x938;&#x93F;&#x91F;&#x940; &#x930;&#x94B;&#x921; </subfield>
    <subfield code="b">&#x907;&#x932;&#x93E;&#x939;&#x93E;&#x92C;&#x93E;&#x926;</subfield>
  </datafield>
  <datafield tag="300" ind1=" " ind2=" ">
    <subfield code="a">360&#x92A;&#x943;. </subfield>
    <subfield code="c">23&#x938;&#x947;&#x92E;&#x940;(&#x938;&#x91C;&#x93F;&#x932;&#x94D;&#x926;)</subfield>
  </datafield>
  <datafield tag="650" ind1=" " ind2=" ">
    <subfield code="a">&#x936;&#x93E;&#x936;&#x94D;&#x935;&#x924;&#x924;&#x93E; &#x915;&#x947; &#x935;&#x93F;&#x930;&#x941;&#x926;&#x94D;&#x927; &#x928;&#x93F;&#x92F;&#x92E; </subfield>
    <subfield code="9">78265</subfield>
  </datafield>
  <datafield tag="650" ind1=" " ind2=" ">
    <subfield code="a">&#x938;&#x936;&#x930;&#x94D;&#x924; &#x905;&#x902;&#x924;&#x930;&#x923; </subfield>
    <subfield code="9">110290</subfield>
  </datafield>
  <datafield tag="650" ind1=" " ind2=" ">
    <subfield code="a">Rule against perpetuity</subfield>
    <subfield code="9">96436</subfield>
  </datafield>
  <datafield tag="650" ind1=" " ind2=" ">
    <subfield code="a">Conditional transfer</subfield>
    <subfield code="9">96437</subfield>
  </datafield>
  <datafield tag="942" ind1=" " ind2=" ">
    <subfield code="2">ddc</subfield>
    <subfield code="c">HN</subfield>
    <subfield code="h">347.3</subfield>
    <subfield code="m">&#x924;&#x94D;&#x930;&#x93F;&#x92A;&#x93E;&#x920;&#x940; </subfield>
  </datafield>
  <datafield tag="999" ind1=" " ind2=" ">
    <subfield code="c">121315</subfield>
    <subfield code="d">121315</subfield>
  </datafield>
  <datafield tag="952" ind1=" " ind2=" ">
    <subfield code="0">0</subfield>
    <subfield code="1">0</subfield>
    <subfield code="4">0</subfield>
    <subfield code="7">1</subfield>
    <subfield code="8">REF</subfield>
    <subfield code="a">L</subfield>
    <subfield code="b">L</subfield>
    <subfield code="d">2015-10-05</subfield>
    <subfield code="e">Cen Lib/Ret</subfield>
    <subfield code="g">25.00</subfield>
    <subfield code="l">0</subfield>
    <subfield code="o">347.3 &#x924;&#x94D;&#x930;&#x93F;&#x92A;&#x93E;&#x920;&#x940;</subfield>
    <subfield code="p">A-133366</subfield>
    <subfield code="r">2015-10-05 00:00:00</subfield>
    <subfield code="t">1</subfield>
    <subfield code="v">25.00</subfield>
    <subfield code="w">2015-10-05</subfield>
    <subfield code="y">HN</subfield>
  </datafield>
</record>
